UBT Library

The elements of botany for beginners and for schools, (Record no. 42069)

000 -LEADER
fixed length control field 00546cam a22002171 4500
001 - CONTROL NUMBER
control field 9126920
005 - DATE AND TIME OF LATEST TRANSACTION
control field 20180208033408.0
008 - FIXED-LENGTH DATA ELEMENTS--GENERAL INFORMATION
fixed length control field 780215s1887 nyua 000 0 eng
010 ## - LIBRARY OF CONGRESS CONTROL NUMBER
LC control number 01000850
035 ## - SYSTEM CONTROL NUMBER
System control number (OCoLC)3641030
040 ## - CATALOGING SOURCE
Original cataloging agency DLC
Transcribing agency TxU-Da
Modifying agency DLC
041 ## - LANGUAGE CODE
Language code of text/sound track or separate title eng
042 ## - AUTHENTICATION CODE
Authentication code premarc
080 ## - UNIVERSAL DECIMAL CLASSIFICATION NUMBER
Universal Decimal Classification number 573 GRA
082 ## - DEWEY DECIMAL CLASSIFICATION NUMBER
Classification number 573 GRA
100 1# - Rafti
Rafti 11
101 ## - Shkurtesa
Shkurtesa BIO
245 14 - TITLE STATEMENT
Title The elements of botany for beginners and for schools,
Statement of responsibility, etc by Asa Gray.
906 ## - LOCAL DATA ELEMENT F, LDF (RLIN)
a 7
b cbc
c oclcrpl
d u
e ncip
f 19
g y-gencatlg
942 ## - ADDED ENTRY ELEMENTS (KOHA)
Source of classification or shelving scheme
Item type Books
Holdings
Withdrawn status Lost status Source of classification or shelving scheme Damaged status Not for loan Collection code Permanent location Current location Shelving location Date acquired Total Checkouts Full call number Barcode Date last seen Price effective from Koha item type
          Koleksioni i përgjithshem UBT - Lipjan UBT - Lipjan Koleksioni i përgjithshem 02/08/2018   573 GRA 002-2998930 02/08/2018 02/08/2018 Books
UBT Library © 2015-2024. All rights reserved University Education for Business and Technology